<?xml version="1.0" encoding="UTF-8"?>
<record
    xmlns:xsi="http://www.w3.org/2001/XMLSchema-instance"
    xsi:schemaLocation="http://www.loc.gov/MARC21/slim http://www.loc.gov/standards/marcxml/schema/MARC21slim.xsd"
    xmlns="http://www.loc.gov/MARC21/slim">

  <leader>00327nam a22001577a 4500</leader>
  <controlfield tag="003">SGT</controlfield>
  <datafield tag="020" ind1=" " ind2=" ">
    <subfield code="a">9788198953803</subfield>
  </datafield>
  <datafield tag="082" ind1=" " ind2=" ">
    <subfield code="a">612.015</subfield>
    <subfield code="b">B26S</subfield>
  </datafield>
  <datafield tag="100" ind1=" " ind2=" ">
    <subfield code="a">SATYANARAYANA, U. </subfield>
  </datafield>
  <datafield tag="245" ind1=" " ind2=" ">
    <subfield code="a">BIOCHEMISTRY</subfield>
  </datafield>
  <datafield tag="250" ind1=" " ind2=" ">
    <subfield code="a">7TH</subfield>
  </datafield>
  <datafield tag="260" ind1=" " ind2=" ">
    <subfield code="a">INDIA </subfield>
    <subfield code="b">CBS PUB </subfield>
    <subfield code="c">2026</subfield>
  </datafield>
  <datafield tag="300" ind1=" " ind2=" ">
    <subfield code="a">835</subfield>
  </datafield>
  <datafield tag="650" ind1=" " ind2=" ">
    <subfield code="a">BIOCHEMISTRY</subfield>
  </datafield>
  <datafield tag="942" ind1=" " ind2=" ">
    <subfield code="2">ddc</subfield>
    <subfield code="c">BK</subfield>
  </datafield>
  <datafield tag="952" ind1=" " ind2=" ">
    <subfield code="0">0</subfield>
    <subfield code="1">0</subfield>
    <subfield code="2">ddc</subfield>
    <subfield code="4">0</subfield>
    <subfield code="7">1</subfield>
    <subfield code="8">MEDICAL</subfield>
    <subfield code="a">FM</subfield>
    <subfield code="b">FM</subfield>
    <subfield code="c">TXT</subfield>
    <subfield code="d">2025-10-06</subfield>
    <subfield code="e">BRIJWASI BOOK DISTRIBUTORS DELHI</subfield>
    <subfield code="g">1850.00</subfield>
    <subfield code="i">SGTU</subfield>
    <subfield code="o">612.015 B26S</subfield>
    <subfield code="p">FM15591</subfield>
    <subfield code="r">2025-11-08 00:00:00</subfield>
    <subfield code="w">2025-10-06</subfield>
    <subfield code="y">BK</subfield>
    <subfield code="k">BW/000271</subfield>
  </datafield>
  <datafield tag="952" ind1=" " ind2=" ">
    <subfield code="0">0</subfield>
    <subfield code="1">0</subfield>
    <subfield code="2">ddc</subfield>
    <subfield code="4">0</subfield>
    <subfield code="7">0</subfield>
    <subfield code="8">MEDICAL</subfield>
    <subfield code="a">FM</subfield>
    <subfield code="b">FM</subfield>
    <subfield code="c">TXT</subfield>
    <subfield code="d">2025-10-06</subfield>
    <subfield code="e">BRIJWASI BOOK DISTRIBUTORS DELHI</subfield>
    <subfield code="g">1850.00</subfield>
    <subfield code="i">SGTU</subfield>
    <subfield code="l">13</subfield>
    <subfield code="o">612.015 B26S</subfield>
    <subfield code="p">FM15592</subfield>
    <subfield code="q">2026-06-11</subfield>
    <subfield code="r">2026-05-28 13:15:47</subfield>
    <subfield code="s">2026-05-28</subfield>
    <subfield code="w">2025-10-06</subfield>
    <subfield code="y">BK</subfield>
    <subfield code="k">BW/000271</subfield>
  </datafield>
  <datafield tag="952" ind1=" " ind2=" ">
    <subfield code="0">0</subfield>
    <subfield code="1">0</subfield>
    <subfield code="2">ddc</subfield>
    <subfield code="4">0</subfield>
    <subfield code="7">0</subfield>
    <subfield code="8">MEDICAL</subfield>
    <subfield code="a">FM</subfield>
    <subfield code="b">FM</subfield>
    <subfield code="c">TXT</subfield>
    <subfield code="d">2025-10-06</subfield>
    <subfield code="e">BRIJWASI BOOK DISTRIBUTORS DELHI</subfield>
    <subfield code="g">1850.00</subfield>
    <subfield code="i">SGTU</subfield>
    <subfield code="l">12</subfield>
    <subfield code="o">612.015 B26S</subfield>
    <subfield code="p">FM15593</subfield>
    <subfield code="r">2026-06-05 15:22:22</subfield>
    <subfield code="s">2026-05-27</subfield>
    <subfield code="w">2025-10-06</subfield>
    <subfield code="y">BK</subfield>
    <subfield code="k">BW/000271</subfield>
  </datafield>
  <datafield tag="952" ind1=" " ind2=" ">
    <subfield code="0">0</subfield>
    <subfield code="1">0</subfield>
    <subfield code="2">ddc</subfield>
    <subfield code="4">0</subfield>
    <subfield code="7">0</subfield>
    <subfield code="8">MEDICAL</subfield>
    <subfield code="a">FM</subfield>
    <subfield code="b">FM</subfield>
    <subfield code="c">TXT</subfield>
    <subfield code="d">2025-10-06</subfield>
    <subfield code="e">BRIJWASI BOOK DISTRIBUTORS DELHI</subfield>
    <subfield code="g">1850.00</subfield>
    <subfield code="i">SGTU</subfield>
    <subfield code="l">14</subfield>
    <subfield code="o">612.015 B26S</subfield>
    <subfield code="p">FM15594</subfield>
    <subfield code="q">2026-06-18</subfield>
    <subfield code="r">2026-06-04 16:02:53</subfield>
    <subfield code="s">2026-06-04</subfield>
    <subfield code="w">2025-10-06</subfield>
    <subfield code="y">BK</subfield>
    <subfield code="k">BW/000271</subfield>
  </datafield>
  <datafield tag="952" ind1=" " ind2=" ">
    <subfield code="0">0</subfield>
    <subfield code="1">0</subfield>
    <subfield code="2">ddc</subfield>
    <subfield code="4">0</subfield>
    <subfield code="7">0</subfield>
    <subfield code="8">MEDICAL</subfield>
    <subfield code="a">FM</subfield>
    <subfield code="b">FM</subfield>
    <subfield code="c">TXT</subfield>
    <subfield code="d">2025-10-06</subfield>
    <subfield code="e">BRIJWASI BOOK DISTRIBUTORS DELHI</subfield>
    <subfield code="g">1850.00</subfield>
    <subfield code="i">SGTU</subfield>
    <subfield code="l">13</subfield>
    <subfield code="o">612.015 B26S</subfield>
    <subfield code="p">FM15595</subfield>
    <subfield code="r">2026-06-05 12:47:35</subfield>
    <subfield code="s">2026-05-19</subfield>
    <subfield code="w">2025-10-06</subfield>
    <subfield code="y">BK</subfield>
    <subfield code="k">BW/000271</subfield>
  </datafield>
  <datafield tag="999" ind1=" " ind2=" ">
    <subfield code="c">33159</subfield>
    <subfield code="d">33159</subfield>
  </datafield>
</record>
